LEADER 01217nam a2200289 a 4500 001 000000125082 003 CaOOAMICUS 005 20110418112954.0 008 110418s20092011it a u000 u ita r 040 $aPUL$bita 082 04$a658.8 100 1 $aSemoli, Alessio.$0(OLS)http://pul/name/79067 245 10$aWeb analytics /$cAlessio Semoli. 260 $aMilano :$bHoepli,$c©2009$aMilano :$bIl Sole 24 ore,$c©2011. 300 $aXII, 162 p. :$bill. ;$c23 cm 490 1 $aFare business con i social network ;$v06 504 $aInclude riferimenti bibliografici ed indice. 650 4$aMass media$xAspetti sociali.$0(OLS)http://pul/subject/36496 830 0$aFare business con i social network ;$v06.$0(OLS)http://pul/title/157279 850 $aPUL 852 $aPUL$W1$xSL Cons. Gen., Altre Classi 3$y75$m658. 8 COLL 2.6$j144000$qDDC 21$B143057$CPULBib$Z2$F143057 $H116942 $82 941 1 $a9 996 $6082$a658.8$9(OLS)http://pul/classification/1888 996 $6245$aWeb analytics$9(OLS)http://pul/title/157688 996 $6260$aMilano :$bHoepli$9(OLS)http://pul/publisher/49407 996 $6260$aMilano :$bIl Sole 24 ore$9(OLS)http://pul/publisher/69212 LEADER 01509nam a2200289 a 4500 001 000000174158 003 CaOOAMICUS 005 20210125132612.0 008 210125s2020 sp m 001 u fre r 032 $aLibriCat 040 $aPUL$bita 100 1 $aKouadio, Kouamé Roméo.$0(OLS)http://pul/name/111893 245 13$aLe développment humain en Côte d'Ivoire à la lumière des exhortations apostoliques post-synodales Ecclesia in Africa et Africae Munus /$cKouamé Roméo Kouadio. 260 $aMadrid :$b[s.n.],$c2020. 300 $a16, 261-368 p. ;$c24 cm 502 $aEstratto della Tesi di dottorato. Universidad San Damaso. Facultad de Teologia. 2020. 504 $aBibliografia : p. 353-368. 610 24$aPapi (2005-2013 : Benedictus XVI).$tAfricae munus.$0(OLS)http://pul/subject/44290 610 24$aPapi (1978-2005 : Iohannes Paulus PP. II).$tEcclesia in Africa.$0(OLS)http://pul/subject/28031 650 4$aDottrina sociale della Chiesa$zAfrica.$0(OLS)http://pul/subject/44254 710 1 $aUniversidad San Damaso.$pFacultad de Teologia.$kTesi.$0(OLS)http://pul/name/87051 850 $aPUL 852 $aPUL$W1$xDP1 Tesi Varie$y51$m2020 B 4$j197702$qTesi$B203065$CPULBib$Z2$F203065 $82 941 1 $a16 996 $6245$aLe développment humain en Côte d'Ivoire à la lumière des exhortations apostoliques post-synodales Ecclesia in Africa et Africae Munus$9(OLS)http://pul/title/215385 996 $6260$aMadrid :$b[s.n.]$9(OLS)http://pul/publisher/49535